Statistics for U.S. Cities With Spanish Names

Click here to take the quiz!

General Stats

  • This quiz has been taken 2,018 times
  • The average score is 11 of 18

Answer Stats

StateEnglish TranslationCity% Correct
CaliforniaThe AngelsLos Angeles
98%
CaliforniaSaint FrancisSan Francisco
98%
CaliforniaSaint JosephSan Jose
92%
TexasSaint AnthonySan Antonio
91%
CaliforniaSacramentSacramento
89%
TexasThe PassEl Paso
83%
ArizonaTableMesa
73%
New MexicoHoly FaithSanta Fe
67%
NevadaThe MeadowsLas Vegas
65%
CaliforniaThe CatsLos Gatos
61%
ArizonaBig HouseCasa Grande
59%
New MexicoThe CrossesLas Cruces
59%
CaliforniaGood ViewBuena Vista
55%
FloridaMouse MouthBoca Raton
39%
ColoradoExitSalida
29%
TexasFlatPlano
28%
CaliforniaTall Stick / Tall TreePalo Alto
26%
CaliforniaKing MountainMonterey
25%

Score Distribution

Percentile by Number Answered

Percent of People with Each Score

Your Score History

You have not taken this quiz